000 03332nam a2200517 a 4500
999 _c1798
_d1798
003 AR-BaISA
005 20250428120326.0
007 ta
008 250428s2000 sp acd|f |||| 000 0 spa d
020 _a8407002283
040 _bspa
_cAR-BaISA
082 0 4 _222
_a616.029 B437
100 _93706
_aBenitez del Rosario, Miguel Ángel
_eaut.
245 1 0 _aCuidados paliativos y atención primaria:
_baspectos de organización /
_cMiguel Ángel Benítez del Rosario, Antonio Salinas Martín
260 _aBarcelona:
_bSpringer,
_c2000
300 _aXII, 238 p.:
_bil., graf., tablas.
504 _aBibliografía al final de cada capítulo
505 _tASPECTOS ONCOLÓGICOS Y MEDICINA PALIATIVA:
505 _rF. J. Dorta Delgado y Ma. Pia López Álvarez /
_tPerspectivas actuales en el tratamiento del cáncer --
505 _rM. Morales González /
_tPerspectivas futuras en el tratamiento del cáncer --
505 _rJ. J. Martín Ortega /
_tPerspectivas de la irradiación en oncología --
505 _tCUIDADOS PALIATIVOS. CONCEPTOS:
505 _rM. Gómez Sancho /
_tSociedad, cáncer y muerte --
505 _rM. A. Benítez del Rosario /
_tConceptos y fundamentos de los cuidados paliativos --
505 _rC. Aguado Taberné y V. Thomas Mulet /
_tPapel de la atención primaria en la asistencia al paciente con SIDA avanzado en domicilio --
505 _rF. J. Montón Álvarez /
_tCuidados de soporte y cuidados paliativos en enfermedades neurológicas --
505 _rM. Gómez Sancho /
_tDolor oncológico crónico: un problema ético de la asistencia sanitaria actual --
505 _rR. Altisent Trota /
_tBioética y cuidados paliativos en atención primaria --
505 _tCUIDADOS PALIATIVOS Y ATENCIÓN PRIMARIA DE SALUD:
505 _rV. Valentín Maganto y M. Murillo González /
_tModelos de organización de los cuidados paliativos --
505 _rM. A. Benítez del Rosario, A. Salinas Martín y A. Asensio Fraile /
_tCuidados paliativos y atención primaria --
505 _rM. A. Benítez del Rosario, A. Salinas Martín, P. G. Serrano Aguilar, A. Asensio Fraile y J. J. Martín Ortega /
_tOrganización integrada de los cuidados paliativos: hacia un modelo de atención compartida --
505 _rM. A. Benítez del Rosario /
_tAtención domiciliaria en los cuidados paliativos --
505 _rM. A. Benítez del Rosario y A. Asensio Fraile /
_tAspectos de organización y desarrollo de los cuidados paliativos --
505 _rM. A. Benítez del Rosario /
_tAspectos prácticos del programa de atención domiciliaria --
505 _rS. Mora Rosado /
_tVoluntariado en cuidados paliativos --
505 _rM. A. Benítez del Rosario y P. G. Serrano Aguilar /
_tEvaluación del programa de cuidados paliativos --
505 _rA. Reig Ferrer y L. Lizán Tudela /
_tCalidad de vida en cuidados paliativos --
505 _tVALORACIÓN DEL PACIENTES CON ENFERMEDAD EN FASE TERMINAL:
505 _rM. A. Benítez del Rosario, A. Salinas Martín y A. Asensio Fraile /
_tValoración multidimensional en cuidados paliativos
650 1 4 _9442
_aCuidados paliativos
650 1 4 _9110
_aAtención primaria de salud
650 1 4 _92412
_aActitud frente a la muerte
700 _93707
_aSalinas Martin, Antonio
_eaut.
942 _2ddc
_cLI
_e22